Responses for show #1322 - Tuesday, May 8, 1990

1990 College Championship quarterfinal game 2.

Contestants

[<< previous game]

Brad Williams, a junior from the University of Northern Iowa

Katie Polk, a senior from the College of William and Mary

Bobbie Diamond, a junior from Oberlin College

[next game >>]

Jeopardy! Round responses

HISTORY
FAMOUS QUOTES
INSECTS
THE 3 R's
FRUITS & VEGETABLES
MACY'S PARADE
(Alex: An annual tradition)
    $100 1
Aztecs

Brad
    $100 6
May flowers

Katie
    $100 30
Shellac/lacquer

Katie
    $100 13
Number of characters in the alphabet

Katie
    $100 11
Potato chips

Katie
    $100 18
Santa Claus

Brad
    $200 3
Pompeii

Brad
    $200 7
Fool them

Bobbie
    $200 29
Butterfly

Brad
    $200 14
Minuend

Triple Stumper
    $200 12
Strawberries

Brad
    $200 19
ALF

Brad
    $300 5
(Brad: What is Versailles?)

Geneva

KatieBrad
    $300 8
Bunker Hill/Breed's Hill

Brad
    $300 28
Waist

Triple Stumper
    $300 23
G

Bobbie
    $300 15
Jelly

Bobbie
    $300 20
Bugs Bunny

Bobbie
    $500 4
(Brad: Who was Anne Boleyn?)

Elizabeth I

Brad
    $400 9
(Bobbie: Who is the farmer?)

Blacksmith

Bobbie
Triple Stumper
    $400 27
Eyes

Bobbie
    $400 24
TH

Katie
    $400 16
(Bobbie: What is the avocado?)

Eggplant

Bobbie
Triple Stumper
    $400 21
Horses

Katie
    $500 2
Cardinal Richelieu

Bobbie
    $500 10
Bread & circus games

Katie
    $500 26
(K: What is sight?)

Hearing

KatieBrad
    $500 25
(and we have a minute to deal with this last category...)

Blaise Pascal

Brad
    $500 17
Tomato

Bobbie
    $500 22
Woodstock

Katie

Scores at the first commercial break (after clue 12):

Bobbie Katie Brad
$300 $1,000 $0

Scores at the end of the Jeopardy! Round:

Bobbie Katie Brad
$1,700 $2,000 $1,500

Double Jeopardy! Round responses

U.S. CITIES
WORLD LITERATURE
COMPUTERS
ACTORS & THEIR ROLES
VOCABULARY
HEADS OF GOVERNMENT
    $200 8
St. Louis

Brad
    $200 1
Aristotle

Brad
    $200 11
Modem

Katie
    $200 16
Bill & Ted

Katie
    $200 21
Dead duck

Katie
    $200 26
Canada

Brad
    $400 6
Memphis

Bobbie
    $400 2
1,001

Katie
    $400 12
Incompatible

Katie
    $400 17
Who Framed Roger Rabbit

Bobbie
    $400 22
Whooping

Brad
    $400 28
West Germany

Brad
    $600 7
(Brad: What is Atlanta?)

Savannah

KatieBrad
    $600 3
The Jungle

Katie
    $600 13
Semiconductor

Katie
    $600 18
(Brad: Who is Weaver?)

Kim Basinger

KatieBrad
    $600 25
Caves

Bobbie
    $600 29
Iran

Triple Stumper
    $800 9
(Bobbie: What is Frankfort?)

Fort Worth

BobbieKatie
    $1,000 4
"Prometheus Bound"

Katie
    $800 14
Read-Only Memory

Katie
    $800 19
Rick Moranis

Bobbie
    $800 24
Hoofs

Brad
    $800 27
Australia

Triple Stumper
    $1,400 10
(K: What is Anchorage?)

Fairbanks

Katie
    $1000 5
Rudyard Kipling

Brad
    $1000 15
(K: What is binary codes?)

Alphanumeric

Katie
Triple Stumper
    $1000 20
John Cusack

Bobbie
    $1000 23
Aquiline

Katie
    $1000 30
North Korea

Brad

Scores at the end of the Double Jeopardy! Round:

Bobbie Katie Brad
$4,100 $7,000 $4,500

Final Jeopardy! Round responses

ISLANDS
BobbieWhat is Elba?
$2,000
BradWhat is Elba?
$4,000
KatieWhat is Elbe?
$2,001
Elba (former home of Napoleon)

Final scores:

Bobbie Katie Brad
$6,100 $9,001 $8,500
3rd place: $1,000 if eliminated Automatic semifinalist 2nd place: $1,000 if eliminated

Game dynamics:

Coryat scores:

Bobbie Katie Brad
$4,100 $8,200 $5,000
12 R,
3 W
22 R
(including 1 DD),
3 W
(including 1 DD)
17 R,
4 W
(including 1 DD)

Combined Coryat: $17,300

The J! Archive is created by fans, for fans. The Jeopardy! game show and all elements thereof, including but not limited to copyright and trademark thereto, are the property of Jeopardy Productions, Inc. and are protected under law. This website is not affiliated with, sponsored by, or operated by Jeopardy Productions, Inc. Join the discussion at JBoard.tv.